| 000 | 00831nam a22002055i 4500 | ||
|---|---|---|---|
| 001 | 160272 | ||
| 003 | ES-MaACL | ||
| 005 | 20230906212001.0 | ||
| 008 | 040928s1793 ne |||| | fre d | ||
| 040 |
_aCAM _bspa _cCAM |
||
| 100 | 1 |
_aMouhy, Charles de Fieux. _9130241 |
|
| 245 | 1 | 3 |
_aLe masque de fer ou Les aventures admirables du pere et du fils _b: tome troisieme. |
| 260 |
_aA La Haye : _bchez Pierre de Hondt imprimeur-libraire, _c1793. |
||
| 300 |
_a[2], 158 p. ; _c8ยบ. |
||
| 594 | _aAutor tomado de Barbier, t.III. | ||
| 597 | _aSign.: []\p1\s, A\p8\s, B\p4\s, C\p6\s, D\p8\s, E\p4\s, F\p6\s, G\p8\s, H\p4\s, I\p6\s, K\p8\s, L\p4\s, M\p6\s , N\p7\s. | ||
| 740 | 4 | 1 | _aLes adventures admirables du pere et du fils. |
| 752 |
_aHolanda - _dLa Haya |
||
| 852 |
_aES-MaACL _jR-744-45 _z-- Enc. piel _x Olim: G-1379-80 |
||
| 999 |
_c160272 _d160272 |
||